• 首页
  • 本馆介绍
  • 公告通知
  • 最新文献
  • 馆藏检索
  • 电子资源
  • 读者导购
  • 参考咨询
  • 我的图书馆
  • 登录
  • 详细信息显示
  • 放入我的书架
  • 预约/预借图书
  • 作者相关作品
  • 分类相关作品
  • 丛书相关作品
  • 出版社相关作品

书目信息

  • 表格格式
  • 工作单格式
  • 卡片格式
题名:
世界上最有魅力的妻子
    
 
作者: 卡内基 著 ;石井 译
分册:  
出版信息: 北京   中国妇女出版社  2004
页数: 210页
开本: 22cm
丛书名: 洛神丛书
单 册:
中图分类: C913.13 , B825-49
科图分类:
主题词: 婚姻--通俗读物 , 女性--修养--通俗读物 , 修养 , 婚姻 , 女性 , 伦理学
电子资源:
ISBN: 7-80131-915-X
000 01199oam2 2200373 450
001 0941954593
005 20090929114041.15
010    @a7-80131-915-X@dCNY19.80
100    @a20040804d2004 em y0chiy50 ea
101 1  @achi@ceng
102    @aCN@b110000
105    @aa z 000yy
106    @ar
200 1  @a世界上最有魅力的妻子@f(美)卡耐基夫人著@g石井译@Ashi jie shang zui you mei li de qi zi
210    @a北京@c中国妇女出版社@d2004
215    @a210页@c照片@d22cm
225 2  @a洛神丛书
308    @a丛书第一辑
330    @a本书是关于婚姻生活和女性修养的通俗读物,力求指导女性掌握“快乐生活的艺术”,使其获得“更具活力、更高品质和更令人满意的生活”。
461  0 @1001002693492
500 00 @a世界上最有魅力的妻子
510 1  @aThe Most Charming Wife in the World@zeng
606 0  @a婚姻@j通俗读物
606 0  @a女性@x修养@j通俗读物
606 0  @a修养
606 0  @a婚姻
606 0  @a女性
606 0  @a伦理学
690    @aC913.13@v4
690    @aB825-49@v4
701  0 @c(美)@a卡内基@c(Carnegie, Dorothy)@4著@Aka nei ji
702  0 @a石井@4译@Ashi jing
801  0 @aCN@b大连网信软件有限公司图书馆·11@c20090929
905    @a10447@dB825-49@eJY98
    
    世界上最有魅力的妻子/(美)卡耐基夫人著/石井译.-北京:中国妇女出版社,2004
    210页:照片;22cm .-(洛神丛书 )
    
    
    ISBN 7-80131-915-X:CNY19.80
    本书是关于婚姻生活和女性修养的通俗读物,力求指导女性掌握“快乐生活的艺术”,使其获得“更具活力、更高品质和更令人满意的生活”。
●
相关链接 在E读中查询图书 在五车中查询图书 在当当中查询图书 在豆瓣中查询图书


正题名:世界上最有魅力的妻子     索取号:B825-49/JY98         预约/预借

序号 登录号 条形码 馆藏地/架位号 状态 备注
1 7820166   278201660   学院路分馆/ [索取号:B825-49/JY98] 在馆    
2 7820167   278201679   学院路分馆/ [索取号:B825-49/JY98] 在馆    
3 7820168   278201688   学院路分馆/ [索取号:B825-49/JY98] 在馆    
4 7820169   278201697   学院路分馆/ [索取号:B825-49/JY98] 在馆    
唐山师范学院图书馆 欢迎您!
大连网信软件有限公司© 版权所有